Ligue 1 Top 4 Positions - Statistics

General Stats
  • This quiz has been taken 266 times
  • The average score is 21 of 33
Answer Stats
Answer % Correct
Paris Saint-Germain
100%
Olympique Lyonnais
98%
Olympique Marseille
97%
Olympique Lillois
96%
Lille
95%
Monaco
95%
Bordeaux
90%
Nantes
89%
Montpellier
86%
Nice
85%
Saint Etienne
85%
Rennes
84%
Lens
82%
Strasbourg
74%
Toulouse
74%
Stade de Reims
73%
Auxerre
70%
RC Paris
67%
Metz
59%
Nancy
54%
Angers
48%
Le Havre
48%
Sochaux
46%
Nîmes
45%
Bastia
43%
Cannes
37%
Rouen
32%
Sète
32%
Valenciennes
28%
Roubaix-Tourcoing
25%
Sedan
23%
Fives
11%
Angoulême
7%
No matching quizzes found
Score Distribution
Percent of People with Each Score
Percentile by Number Answered
Your Score History
You have not taken this quiz